MARC details
| 000 -CABECERA |
| campo de control de longitud fija |
02554nam a2200385 i 4500 |
| 001 - NÚMERO DE CONTROL |
| campo de control |
000048336 |
| 003 - IDENTIFICADOR DEL NÚMERO DE CONTROL |
| campo de control |
DO-SdBNP |
| 005 - FECHA Y HORA DE LA ÚLTIMA TRANSACCIÓN |
| campo de control |
20250910083716.0 |
| 007 - CAMPO FIJO DE DESCRIPCIÓN FÍSICA--INFORMACIÓN GENERAL |
| campo de control de longitud fija |
ta |
| 008 - DATOS DE LONGITUD FIJA--INFORMACIÓN GENERAL |
| campo de control de longitud fija |
190207s2011 dr o 000 0 spa d |
| 020 ## - NÚMERO INTERNACIONAL ESTÁNDAR DEL LIBRO |
| Número Internacional Estándar del Libro |
9789945880106 |
| 040 ## - FUENTE DE LA CATALOGACIÓN |
| Centro catalogador/agencia de origen |
DO-SdBNP |
| Lengua de catalogación |
spa |
| Centro/agencia transcriptor |
BNPHU |
| Normas de descripción |
rda |
| 082 ## - NÚMERO DE LA CLASIFICACIÓN DECIMAL DEWEY |
| Número de clasificación |
xxx |
| Número de documento/Ítem |
A473 |
| Número de edición |
22 |
| 100 1# - ENTRADA PRINCIPAL--NOMBRE DE PERSONA |
| Nombre de persona |
Álvarez, José Alejandro |
| Fechas asociadas al nombre |
1966- |
| Término indicativo de función/relación |
autor |
| Código de función/relación |
aut. |
| 9 (RLIN) |
75754 |
| 245 10 - MENCIÓN DE TÍTULO |
| Título |
Mar azul / |
| Mención de responsabilidad, etc. |
José Alejandro Álvarez ; ensayos, Yolanda León, Rubén Torres ; traducción al inglés Janet Canals ; traducción al francés María Josefina Cantisano, Brigitte Bégué Fernández. |
| 264 #4 - PRODUCCIÓN, PUBLICACIÓN, DISTRIBUCIÓN, FABRICACIÓN Y COPYRIGHT |
| Producción, publicación, distribución, fabricación y copyright |
Santo Domingo : |
| Nombre del de productor, editor, distribuidor, fabricante |
Banco Popular, |
| Fecha de producción, publicación, distribución, fabricación o copyright |
©2011. |
| 300 ## - DESCRIPCIÓN FÍSICA |
| Extensión |
321 páginas : |
| Otras características físicas |
fotografías ; |
| Dimensiones |
24 cm. |
| 336 ## - TIPO DE CONTENIDO |
| Término de tipo de contenido |
texto |
| Código de tipo de contenido |
txt |
| Fuente |
rdacontent |
| 337 ## - TIPO DE MEDIO |
| Nombre/término del tipo de medio |
sin mediación |
| Código del tipo de medio |
n |
| Fuente |
rdamedia |
| 338 ## - TIPO DE SOPORTE |
| Nombre/término del tipo de soporte |
volumen |
| Código del tipo de soporte |
nc |
| Fuente |
rdacarrier |
| 500 ## - NOTA GENERAL |
| Nota general |
Incluye datos biografícos del autor en la página 324. |
| 500 ## - NOTA GENERAL |
| Nota general |
Libro de pasta dura. |
| 505 0# - NOTA DE CONTENIDO CON FORMATO |
| Título |
Presentación -- Notas del autor -- Prefacio -- El Mar Caribe -- El Océano Pacífico -- Conservación -- Dedicatoria / |
| 520 ## - SUMARIO, ETC. |
| Sumario, etc. |
El Banco Popular Dominicano se siente muy complacido con el auspicio de la publicación de este formidable libro Mar Azul, que retrata, a través del lente y la sensibilidad del destacado fotógrafo submarino José Alejandro Álvarez, diferentes aspectos de la vida del fondo de los mares y océanos, que, a pesar de su estrecha correspondencia con la vida en la superficie, nos es, muy a menudo, demasiado extraña e incomprendida. |
| 520 ## - SUMARIO, ETC. |
| Sumario, etc. |
Libro de la autoría del fotógrafo submarino dominicano José Alejandro Álvarez. El primer capítulo, "La República Dominicana y el Caribe", se adentra en la riqueza de los fondos marinos de este territorio y región; el segundo capítulo, "El Pacífico tropical", muestra el esplendor de la mayor masa de agua del planeta y la de mayor biodiversidad; y, por último, "Conservación", un capítulo de cierre que busca llamar la atención sobre el acelerado deterioro de los ecosistemas marinos. |
| 590 ## - NOTA LOCAL (RLIN) |
| Nota local |
Inventariado, 2019/ YL |
| 700 12 - PUNTO DE ACCESO ADICIONAL--NOMBRE DE PERSONA |
| Nombre de persona |
León, Yolanda |
| Término indicativo de función/relación |
ensayos |
| 9 (RLIN) |
61576 |
| Código de función/relación |
en. |
| 700 12 - PUNTO DE ACCESO ADICIONAL--NOMBRE DE PERSONA |
| Nombre de persona |
Torres, Rubén |
| Término indicativo de función/relación |
ensayos |
| 9 (RLIN) |
75755 |
| Código de función/relación |
en. |
| 700 12 - PUNTO DE ACCESO ADICIONAL--NOMBRE DE PERSONA |
| Nombre de persona |
Canals, Janet |
| Término indicativo de función/relación |
traductor |
| 9 (RLIN) |
75756 |
| Código de función/relación |
tra. |
| 700 12 - PUNTO DE ACCESO ADICIONAL--NOMBRE DE PERSONA |
| Nombre de persona |
Cantisano, María Josefina |
| Término indicativo de función/relación |
traductor |
| 9 (RLIN) |
75757 |
| Código de función/relación |
tra. |
| 700 12 - PUNTO DE ACCESO ADICIONAL--NOMBRE DE PERSONA |
| Nombre de persona |
Bégué Fernández, Brigitte |
| Término indicativo de función/relación |
traductor |
| 9 (RLIN) |
75758 |
| Código de función/relación |
tra. |
| 856 #2 - LOCALIZACIÓN Y ACCESO ELECTRÓNICOS |
| Texto de enlace |
https://bvearmb.do/handle/123456789/946 |
| -- |
https://bvearmb.do/bitstream/handle/123456789/946/Mar_azul_JAA.pdf?sequence=1&isAllowed=y |
| 910 ## - DATOS DE OPCIÓN DEL USUARIO (OCLC) |
| Datos de opción del usuario |
Ylockward |
| 942 ## - ELEMENTOS DE PUNTO DE ACCESO ADICIONAL (KOHA) |
| Fuente del sistema de clasificación o colocación |
Dewey Decimal Classification |
| Tipo de ítem Koha |
Libro |